Crash of Cars - Select the Rarity - Statistics

General Stats
  • This quiz has been taken 13 times
  • The average score is 13 of 25
Answer Stats
Hint Answer % Correct
Family Van Common
100%
Chuck Common
80%
Mower Common
80%
Cement Truck Common
80%
Bug Common
80%
Tuner Common
70%
Stone Age Common
70%
Snow Plow Common
70%
Gravity Common
60%
Carrot Common
50%
Hulker Common
50%
Front Loader Legendary
50%
Terradrill Epic
40%
Missile Truck Epic
40%
Monster Legendary
40%
Trailblaze Legendary
40%
Phoenix Rare
40%
Shadow Epic
30%
Forklift Epic
30%
Sport Rare
30%
Ice Cream Rare
30%
Drinks Car Rare
30%
Banchi Rare
30%
Grand Rare
20%
Neon Rare
20%
No matching quizzes found
Score Distribution
Percent of People with Each Score
Percentile by Number Answered
Your Score History
You have not taken this quiz